000
00282nam a22001217a 4500
020
_a
9788185015552
082
_a
511.5
_b
HAR/GR
100
_a
Harary, Frank
245
_a
Graph theory
260
_a
New Delhi
_b
Narosa Publishing House
_c
2001
700
_a
Krishnamurthy,V
942
_c
BK
999
_c
13783
_d
13783